| LEADER | 00858nam a2200217 u 4500 | ||
|---|---|---|---|
| 001 | 10026914 | ||
| 003 | upatras | ||
| 005 | 20210525065843.0 | ||
| 008 | 960223s1961 us eng | ||
| 952 | |0 0 |1 0 |4 0 |6 539_260000000000000_TAY |7 0 |9 197291 |a PHYS |b PHYS |d 2016-04-24 |i 00282 |l 0 |o 539.26 TAY |p 025000019195 |r 2016-04-24 00:00:00 |t 1 |w 2016-04-24 |y BK15 | ||
| 999 | |c 121110 |d 121110 | ||
| 040 | |a GR-PaULI |c GR-PaULI | ||
| 050 | 4 | |a 61-5668 | |
| 100 | 1 | |a Taylor, A. |9 32719 | |
| 245 | 1 | 0 | |a X-ray metallography / |c A. Taylor. |
| 260 | |a New York : |b Wiley, |c 1961. | ||
| 300 | |a vii, 993 σ. : |b εικ. ; |c 24 εκ. | ||
| 504 | |a Περιλαμβάνει βιβλιογραφικές παραπομπές και ευρετήριο. | ||
| 650 | 4 | |a Ακτίνες Χ |9 666 | |
| 852 | |a GR-PaULI |b ΠΑΤΡΑ |b ΦΥΣΙΚΟ |k ΑΕΧ-1 |h 539.26 TAY |m 00282 |p 025000019195 |t 1 | ||
| 942 | |2 ddc |c BK15 | ||